| 000 | 01002nam a2200301 a 4500 | ||
|---|---|---|---|
| 008 | |||
| 020 | _a9780702049583 (hardback) | ||
| 040 |
_aNUST _cNUST |
||
| 049 | _aMAIN | ||
| 090 |
_aRD598.5 _bVAS |
||
| 245 | 1 | 0 |
_aVascular and endovascular surgery/ _cedited by Jonathan D Beard ; Peter A Gaines and Ian Loftus. |
| 250 | _aFifth edition. | ||
| 260 |
_aEdinburgh : _bSaunders/Elsevier, _c2014. |
||
| 300 |
_axviii,384 pages : _billustrations (some colour) ; _c26 cm. |
||
| 336 |
_atext _btxt _2rdacontent |
||
| 337 |
_aunmediated _bn _2rdamedia |
||
| 338 |
_avolume _bnc _2rdacarrier |
||
| 500 | _aIncludes index. | ||
| 504 | _aIncludes bibliographical references. | ||
| 650 | 1 | _aVascular surgical procedures. | |
| 700 |
_aBeard, Jonathan D., _aeditor. |
||
| 700 |
_aGaines, Peter A., _aeditor. |
||
| 700 |
_aLoftus, Ian., _aeditor. |
||
| 907 |
_a.b10383578 _b02-03-22 _c22-09-17 |
||
| 003 | |||
| 005 | 20230120204344.0 | ||
| 942 |
_cBOOKS _kRD598.5 _mVAS |
||
| 999 |
_c121762 _d121762 |
||